| 000 | 01053cam a2200325 i 4500 | ||
|---|---|---|---|
| 001 | 20839 | ||
| 003 | CO-MdFUSB | ||
| 005 | 20211120124226.0 | ||
| 008 | 161025t1955 enk||||f |||| 00| 0 eng d | ||
| 040 |
_aCO-MdFUSB _bEspañol _cCO-MdFUSB _dCO-MdFUSB _erda |
||
| 041 | _aeng | ||
| 082 |
_224 _a242 _bL973l |
||
| 245 | 1 | 0 |
_aLuther _b : Letters of spiritual counsel _c/ Editado y traducido por Theodore G. Tappert |
| 264 | 1 |
_aLondon : _bSCM Press, _c[1955] |
|
| 264 | 4 | _c© 1955 | |
| 300 |
_a367 páginas _c; |
||
| 336 |
_2rdacontent _atexto _btxt |
||
| 337 |
_2rdamedia _asin mediación _bn |
||
| 338 |
_2rdacarrier _avolumen _bnc |
||
| 490 | _aThe Library of Christian Classics | ||
| 501 | _aPasta dura | ||
| 504 | _aIncluye índices (páginas: 355-367) | ||
| 505 | _aLetras de Martín Lutero para dar consejo espiritual | ||
| 600 | 1 | 7 |
_aLuther, Martin _d(1483-1546) |
| 653 | _aTeología pastoral | ||
| 700 | 1 |
_9669 _aTappert, Theodore G. _d1904-1973 _eeditor _etraductor |
|
| 942 | _cREF | ||
| 945 | _aEstudiante | ||
| 999 |
_c47190 _d47190 |
||